| 000 | 01953nam a22003617a 4500 | ||
|---|---|---|---|
| 003 | OSt | ||
| 005 | 20211019124412.0 | ||
| 007 | ta | ||
| 008 | 210217e2020 dr ac|||r||||z001 jdspa d | ||
| 020 | _a9789945613117 (obra completa) | ||
| 020 | _a 9789945613124 (v.1) | ||
| 020 | _a9789945613131 (v.2) | ||
| 040 |
_aDO-SdBNPH _bspa _cBPMSU |
||
| 041 | _hspa | ||
| 082 | 4 |
_a972.93697 _bH557v 2020 _222 |
|
| 100 | 1 | _aHernández Figueroa, Alfredo Rafael. | |
| 245 | 1 | 3 |
_aVida social y cultural de la Vega en la primera mitad del Siglo XX : _bsegún el periódico el Progreso / _cAlfredo Rafael Hernández Figueroa ; presentación Juan Francisco Domínguez Novas |
| 260 |
_aSanto Domingo : _bArchivo General de la Nación, _c2020 |
||
| 300 |
_a2v. : _bil., retrs. ; _c22 cm. |
||
| 490 | 0 |
_aArchivo General de la Nación ; _v327 |
|
| 500 | _aIncluye índice onomástico. | ||
| 500 | _aIncluye referencias bibliográficas y notas al pie de las páginas | ||
| 500 | _aIncluye datos biográficos del autor en la solapas | ||
| 505 | 0 |
_tv.1: _tPresentación. _tNota introductoria _tCapitulo I. Sociedad y el teatro de la progresista _tCapitulo II. Sociedad amor al estudio, cultura y los nuevos. _tCapítulo III. Teatro Rívoli y las fiestas patronales _tCapitulo IV. Carnaval social de los clubes de primera _tCapitulo V. El feminismo en la Vega |
|
| 505 | 0 |
_tv.2. _tCapitulo VI. Vida social en La Vega. _tCapítulo VII. Los juegos florales 1915 y 1924 _tCapítulo VIII. Ideas antimperialistas socialistas en La Vega _tCapitulo IX. La presencia de refugiados españoles en La Vega a partir de 1940 |
|
| 590 | _6Inventariado, 2021/VM | ||
| 651 | 4 |
_aLa Vega (República Dominicana) _xVida social y costumbres _ySiglo XX |
|
| 651 | 4 |
_aLa Vega (República Dominicana) _xHistoria Local _3 |
|
| 700 | 1 | _aDomínguez Novas, Juan Francisco | |
| 710 | 2 | _aArchivo General de la Nación (República Dominicana) | |
| 910 | _aVMateo V. | ||
| 942 |
_2ddc _cBK |
||
| 999 |
_c13807 _d13807 |
||